00265nam a2200097Ia 4500008004100000041000800041100002500049245004300074260003100117999001900148241105s9999 xx 000 0 und d aeng aShah Akshata9182642 aNrityangan Classical Dance Academy .-- bBNCA B-Arch ID, Punec2014 c360933d360933